000 00501nam a2200145Ia 4500
003 GCL
008 140319s9999 xx 000 0 ara d
040 _aGCL /
_cGCL
082 0 4 _a813.00962
_bع ت
100 1 _aعبدالمحسن طه بدر
245 1 0 _aتطور الرواية العربية الحديثة فى مصر 1870 - 1938 /
_cعبدالمحسن طه بدر
260 _a[S.N] :
_bدار المعارف ،
_c1992
300 _a442
490 _aمكتبة الدراسات الادبية
_v0
999 _c28641
_d28641